| 000 | 01016nam a2200253Ia 4500 | ||
|---|---|---|---|
| 003 | Ost | ||
| 005 | 20260507075129.0 | ||
| 008 | 260507s9999||||xx |||||||||||||| ||und|| | ||
| 020 | _a2679409960 | ||
| 040 | _cfsecg | ||
| 041 | _aara | ||
| 082 | _a330 | ||
| 100 |
_aأوتل، كريستينه _eمؤلف |
||
| 245 | 0 |
_aالتنظيم المثالي في الشركات الصغيرة : _bإدارة الوقت والذات- تنظيم شؤون المكتب والديوان- تسهيل المراسلات الفعالة / _c كريستينه أوتل |
|
| 260 |
_aالرياض: _bمكتبة العبيكان, _c2005 |
||
| 300 |
_a303 صفحة؛ _bإيضاحات ؛ _c21 سم |
||
| 520 | _aإدارة الذات والوقت- تنظيم المكتب- المراسلات- الهاتف. | ||
| 653 | _aإدارة الأعمال | ||
| 653 | _aالإدارة | ||
| 653 | _aالتنظيم | ||
| 653 | _aالشركات الصغيرة | ||
| 700 |
_aجيته، هيرتر _eمؤلف ثانوي |
||
| 942 | _cكتاب | ||
| 999 |
_c43198 _d43198 |
||